| 000 | 02053nam0a2200397 4500 | ||
|---|---|---|---|
| 001 | RU\NLR\bibl\82859 | ||
| 005 | 20260407054800.0 | ||
| 010 |
_a5-93580-002-0 _92000 |
||
| 021 |
_aRU _b2000-936 _951 |
||
| 035 | _a(NLR Aleph) 000080919 | ||
| 090 |
_a450485 _c450485 |
||
| 100 | _a20000427d2000 |||y0rusy50 ca | ||
| 101 | 0 | _arus | |
| 102 | _aRU | ||
| 105 | _aa ||||||||| | ||
| 200 | 1 |
_aКремлевская медицина _e(От истоков до наших дней) _fСергей Павлович Миронов, Юрий Ливерьевич Перов, Валентин Михайлович Цветков, Владимир Михайлович Ястребов _g[Мед. центр упр. делами президента Рос. Федерации] |
|
| 210 |
_aМ. _cИзвестия _d2000 |
||
| 215 |
_a292,[4] с. _cил., цв. ил., портр., факс. _d22 |
||
| 320 | _aБиблиогр. в конце кн. | ||
| 601 | 0 | 1 |
_aРоссийская Федерация _bПравительство _xМедицинская помощь _92165384 _3RU\NLR\AUTH\661302926 |
| 601 | 0 | 1 |
_aРоссия _bПравительство _xМедицинская помощь _92165406 _3RU\NLR\AUTH\661302938 |
| 686 | _aР.г(2) | ||
| 686 | _aР11(2)29 | ||
| 701 | 1 |
_4070 _7ca _8rus _aМиронов _bС. П. _cд-р мед наук _f1948- _gСергей Павлович _9114050 _3RU\NLR\auth\774061 |
|
| 701 | 1 |
_aПеров _bЮ. Л. _gЮрий Ливерьевич _4070 |
|
| 701 | 1 |
_aЦветков _bВ. М. _gВалентин Михайлович _4070 |
|
| 701 | 1 |
_aЯстребов _bВ. М. _gВладимир Михайлович _4070 |
|
| 712 | 0 | 1 |
_4570 _aРоссийская Федерация _bПрезидент _bУправление делами _bМедицинский центр _9548589 _3RU\NLR\AUTH\8810025164 |
| 801 | 0 |
_aRU _bNLR _c20000427 _gPSBO |
|
| 801 | 1 |
_aRU _bNLR _c20000427 |
|
| 830 | _aАвт. по кн. | ||
| 852 |
_aNLR _j2000-5/483 |
||
| 942 | _cBOOK | ||
| 980 | _aNB | ||